Statistics for Who Did This? #1

Click here to take the quiz!

General Stats

  • This quiz has been taken 46 times
  • The average score is 18 of 24

Answer Stats

HintAnswer% Correct
First stepped foot on the moonNeil Armstrong
100%
Founded MicrosoftBill Gates
98%
Wrote a famous diary during WWIIAnne Frank
93%
Ended slavery in the United StatesAbraham Lincoln
88%
Became first female British Prime MinisterMargaret Thatcher
88%
Catholic Nun who helped the poor in KolkataMother Teresa
88%
Directed Jaws and E.TSteven Spielberg
88%
Loved Mark AntonyCleopatra
86%
Wrote "The Iliad"Homer
84%
His assassination started WWIFranz Ferdinand
81%
Sculpted "David"Michelangelo
81%
Led France to invade most of EuropeNapoleon Bonaparte
81%
First leader of the Soviet UnionVladimir Lenin
81%
Led Independence movement in IndiaMahatma Gandhi
79%
Along with her husband, she discovered RadiumMarie Curie
79%
Invented the printing pressJohannes Gutenberg
77%
Wrote "The Hobbit"J.R.R Tolkien
74%
Founded the People's Republic of ChinaMao Zedong
74%
Earned more Olympic Medals than anyone elseMichael Phelps
74%
Conquered the Persian EmpireAlexander the Great
67%
Assassinated John F. KennedyLee Harvey Oswald
67%
Legalized Christianity in the Roman EmpireConstantine
47%
Killed the AztecsHernan Cortes
44%
Found the cure to rabiesLouis Pasteur
21%

Score Distribution

Percentile by Number Answered

Percent of People with Each Score

Your Score History

You have not taken this quiz